MARC details
| 000 -LEADER |
| fixed length control field |
02254 a2200349 4500 |
| 001 - CONTROL NUMBER |
| control field |
200422451 |
| 003 - CONTROL NUMBER IDENTIFIER |
| control field |
TR-AnTOB |
| 005 - DATE AND TIME OF LATEST TRANSACTION |
| control field |
20200612183225.0 |
| 008 - FIXED-LENGTH DATA ELEMENTS--GENERAL INFORMATION |
| fixed length control field |
150714s2012 xxk 001 0 |
| 020 ## - INTERNATIONAL STANDARD BOOK NUMBER |
| International Standard Book Number |
9783527326471 |
| 040 ## - CATALOGING SOURCE |
| Original cataloging agency |
TR-AnTOB |
| Language of cataloging |
eng |
| Description conventions |
rda |
| 041 ## - LANGUAGE CODE |
| Language code of text/sound track or separate title |
İngilizce |
| 050 #4 - LIBRARY OF CONGRESS CALL NUMBER |
| Classification number |
TK7871.9 |
| Item number |
.O743o 2012 |
| 090 ## - LOCALLY ASSIGNED LC-TYPE CALL NUMBER (OCLC); LOCAL CALL NUMBER (RLIN) |
| Classification number (OCLC) (R) ; Classification number, CALL (RLIN) (NR) |
TK7871.9 .O743o 2012 |
| 245 00 - TITLE STATEMENT |
| Title |
Organic electronics : |
| Remainder of title |
more materials and applications / |
| Statement of responsibility, etc. |
edited by Hagen Klauk. |
| 264 #1 - PRODUCTION, PUBLICATION, DISTRIBUTION, MANUFACTURE, AND COPYRIGHT NOTICE |
| Place of production, publication, distribution, manufacture |
©2012 |
| Name of producer, publisher, distributor, manufacturer |
|
|
| Place of production, publication, distribution, manufacture |
Weinheim : |
| Name of producer, publisher, distributor, manufacturer |
Wiley-VCH, |
| Date of production, publication, distribution, manufacture, or copyright notice |
2012. |
| 300 ## - PHYSICAL DESCRIPTION |
| Extent |
xvii, 420 pages : |
| Other physical details |
illustrations ; |
| Dimensions |
25 cm. |
| 336 ## - CONTENT TYPE |
| Content type term |
text |
| Content type code |
txt |
| Source |
rdacontent |
| 337 ## - MEDIA TYPE |
| Media type term |
unmediated |
| Media type code |
n |
| Source |
rdamedia |
| 338 ## - CARRIER TYPE |
| Carrier type term |
volume |
| Carrier type code |
nc |
| Source |
rdacarrier |
| 504 ## - BIBLIOGRAPHY, ETC. NOTE |
| Bibliography, etc. note |
|
| 505 0# - FORMATTED CONTENTS NOTE |
| Formatted contents note |
Organic semiconductor materials for transistors / David Ian James [and six others] -- Characterization of order and orientation in semiconducting polymers / Dean M. DeLongchamp, R. Joseph Kline -- Charge transport theories in organic semiconductors / Rodrigo Noriega, Alberto Salleo -- Silylethyne-substituted acenes and heteroacenes / John E. Anthony, Adolphus G. Jones -- Conjugated semiconductors for organic n-channel transistors and complementary circuits / Antonio Facchetti -- Low-voltage electrolyte-gated OTFTs and their applications / Yu Xia, C. Daniel Frisbie -- Printing techniques for thin-film electronics / Vivek Subramanian [and five others.] -- Picoliter subfemtoliter ink-jet technologies for organic transistors / Tsuyoshi Sekitani, Takao Someya -- Ink-jet printing of downscaled organic electronic devices / Mario Caironi, Enrico Gili, Henning Sirringhaus -- Interplay between processing, structure, and electronic properties in soluble small-molecule organic semiconductors / Oana D. Jurchescu [and five others.] -- Light-emitting organic transistors / Jana Zaumseil -- Design methodologies for organic RFID tags and sensor readout on foil / Kris Myny [and twelve others]. |
| 650 #0 - SUBJECT ADDED ENTRY--TOPICAL TERM |
| Topical term or geographic name entry element |
Organic field-effect transistors |
| 9 (RLIN) |
107705 |
|
| Topical term or geographic name entry element |
Organic thin films |
| 9 (RLIN) |
107706 |
|
| Topical term or geographic name entry element |
Thin film transistors |
| 9 (RLIN) |
107737 |
|
| Topical term or geographic name entry element |
Organic electronics |
| 9 (RLIN) |
107434 |
| 700 1# - ADDED ENTRY--PERSONAL NAME |
| Personal name |
Klauk, Hagen |
| Relator term |
editor. |
| 9 (RLIN) |
107433 |
| 942 ## - ADDED ENTRY ELEMENTS (KOHA) |
| Koha item type |
Book |